| 000 | 00651nam a2200121Ia 4500 | ||
|---|---|---|---|
| 008 | 220620s9999||||xx |||||||||||||| ||und|| | ||
| 100 | _aFabinyi, Michael||Barclay, Kate | ||
| 245 | 0 | _aAsia-Pacific Fishing Livelihoods | |
| 546 | _aEnglish[eng] | ||
| 650 | _aFisheries||marine social science||fishing livelihoods in the Asia-Pacific||sustainable fishing||environmental sustainability||food security||coastal conservation||fish stocks||fisheries governance||Fishing livelihoods and social diversity||Fishing livelihoods and wellbeing||Open Access | ||
| 856 | _uhttps://library.oapen.org/bitstream/20.500.12657/50958/1/978-3-030-79591-7.pdf | ||
| 942 | _cEB | ||
| 999 |
_c22852 _d22852 |
||